000
00363nam a22001337a 4500
003
SGT
020
_a
9789349202696
082
_a
370.71,YADAV
100
_a
YADAV,PRIYANKA
245
_a
शिक्षक शिक्षा में परिप्रेक्ष्य
260
_a
NEW DELHI
_b
V,K, BOOK INTERNATIONAL
_c
2025
300
_a
156
942
_2
ddc
_c
BK
999
_c
32116
_d
32116